00685nam a2200217Ia 4500008004100000020001600041050000900057050001400066100001800080245003600098245006600134250001900200260001700219260003100236260000900267300001600276300001100292440003000303999001900333952011500352170203s9999 xx 000 0 und d a0 717285634 a0 30 bG875 1999 aDolman,Carol. aManaging Your First Computer :  bHow to perform core tasks and gain knowledge and confidence / aDeluxe edtion. aHongkong :  bGrolier International Inc. c1999 a144 pages ; c24 cm. aGrolier Business Library. c305878d305878 001040aSSISBbSSISBc REFd2017-02-03l0oRef. 030 .G875 1999pUS- 0926r2017-02-03 00:00:00w2017-02-03yBK